[Event "Irish Championship 2006"]
[Site "Dublin IRL"]
[Date "2006.07.08"]
[Round "1"]
[White "Keogh, Eamon"]
[Black "Jessel, Stephen"]
[Result "0-1"]
[WhiteTitle "NM"]
[BlackTitle "FM"]
[WhiteElo "2108"]
[BlackElo "2350"]
[WhiteICU "2038"]
[BlackICU "2223"]
[WhiteClub "Kilkenny"]
[BlackClub "V&eacute;sinet FRA"]
[WhiteFideId "2500264"]
[BlackFideId "628859"]
[PlyCount "92"]
[Venue "St. Benildus College, Upper Kilmacud Rd., Co. Dublin"]
[EventDate "2006.07.08"]

{ Source: ICU games archive. } { Event information: <a
href="http://www.irlchess.com/irlch2006_allfiles/pairings_irlch2006.html">tournament
report</a>. }

1. e4 e6 2. d4 d5 3. Nd2 Nf6 4. e5 Nfd7 5. Bd3 c5 6. c3 Nc6 7. Ne2 cxd4 8.
cxd4 f6 9. f4 fxe5 10. fxe5 Nxd4 11. Nf4 Nxe5 12. Qh5+ Nf7 13. Bxh7 Qg5 14.
Qxg5 Nxg5 15. Bg6+ Kd7 16. Ne2 Nxe2 17. Kxe2 b6 18. Bd3 e5 19. Nf3 Nxf3 20.
gxf3 Bb7 21. Bd2 Ke6 22. Rag1 Rc8 23. Rg4 Be7 24. h4 Bf6 25. b3 Rc7 26. h5
Bc6 27. h6 gxh6 28. Rxh6 Rxh6 29. Bxh6 Be8 30. Rg1 Bh5 31. Rh1 Bf7 32. Bd2
Rc8 33. Rh7 Rh8 34. Bf5+ Kxf5 35. Rxf7 Rh2+ 36. Ke1 a5 37. Rb7 d4 38. Rxb6
Bh4+ 39. Kd1 d3 40. Kc1 Rf2 41. Rb5 Be7 42. Be3 Re2 43. Bd2 Rh2 44. Bxa5
Bg5+ 45. Kb1 Rh1+ 46. Kb2 Bc1+ 0-1

[Event "Irish Championship 2006"]
[Site "Dublin IRL"]
[Date "2006.07.08"]
[Round "1"]
[White "Fitzsimons, David"]
[Black "Boyle, Bernard"]
[Result "1-0"]
[WhiteElo "2160"]
[BlackElo "1944"]
[WhiteICU "2081"]
[BlackICU "1742"]
[WhiteClub "Elm Mount"]
[BlackClub "Elm Mount"]
[WhiteFideId "2501961"]
[BlackFideId "2501830"]
[PlyCount "45"]
[Venue "St. Benildus College, Upper Kilmacud Rd., Co. Dublin"]
[EventDate "2006.07.08"]

{ Source: ICU games archive. } { Event information: <a
href="http://www.irlchess.com/irlch2006_allfiles/pairings_irlch2006.html">tournament
report</a>. }

1. e4 e6 2. d4 d5 3. Nc3 Nf6 4. e5 Ne4 5. Nxe4 dxe4 6. Bc4 Nd7 7. c3 c5 8.
Ne2 cxd4 9. cxd4 Bb4+ 10. Bd2 Bxd2+ 11. Qxd2 Nb6 12. Bb3 Bd7 13. O-O O-O
14. Nc3 Bc6 15. Rfe1 Bd5 16. Bc2 Nc4 17. Qe2 Nxb2 18. Nxe4 Qh4 19. Rab1 Nc4
20. Rb3 h6 21. Rh3 Qe7 22. Nf6+ Kh8 23. Rxh6+ 1-0

[Event "Irish Championship 2006"]
[Site "Dublin IRL"]
[Date "2006.07.09"]
[Round "2"]
[White "MacElligott, Gerard"]
[Black "Brady, Stephen"]
[Result "0-1"]
[BlackTitle "FM"]
[WhiteElo "2122"]
[BlackElo "2339"]
[WhiteICU "1903"]
[BlackICU "2344"]
[WhiteClub "Elm Mount"]
[BlackClub "Phibsboro"]
[WhiteFideId "2500647"]
[BlackFideId "2500124"]
[PlyCount "113"]
[Venue "St. Benildus College, Upper Kilmacud Rd., Co. Dublin"]
[EventDate "2006.07.08"]

{ Source: ICU games archive. } { Event information: <a
href="http://www.irlchess.com/irlch2006_allfiles/pairings_irlch2006.html">tournament
report</a>. }

1. d4 e6 2. Nf3 Nf6 3. g3 c5 4. Bg2 cxd4 5. O-O Be7 6. Nxd4 O-O 7. c4 a6 8.
b3 Nc6 9. Nc3 Qc7 10. Bb2 d6 11. Rc1 Nxd4 12. Qxd4 Bd7 13. Rfd1 Rfd8 14. h3
Rab8 15. g4 Qa5 16. Qd2 Qb6 17. Ne4 Nxe4 18. Bxe4 Bc6 19. Bd4 Qc7 20. Qd3
h6 21. Bg2 Bg5 22. e3 Bxg2 23. Kxg2 Rbc8 24. a4 Qc6+ 25. Kg3 Be7 26. a5 d5
27. Bb6 Rd7 28. cxd5 Qxc1 29. Rxc1 Rxc1 30. e4 Rc8 31. Qf3 exd5 32. exd5 g6
33. Kg2 Bd8 34. Bxd8 Rcxd8 35. d6 Re8 36. Qd5 Re6 37. Qd2 Rexd6 38. Qxh6
Rd5 39. Qf4 Rxa5 40. h4 Rad5 41. g5 Rf5 42. Qb8+ Kh7 43. f3 b5 44. f4 Rd4
45. Kg3 Rfxf4 46. Qb7 Rg4+ 47. Kf3 Rdf4+ 48. Ke3 Rf5 49. Qxa6 Rxh4 50. Qb7
Rh5 51. b4 Rhxg5 52. Qh1+ Rh5 53. Qg2 Rh4 54. Qd2 Rc4 55. Qh2+ Kg7 56. Qb2+
Kg8 57. Qd2 0-1

[Event "Irish Championship 2006"]
[Site "Dublin IRL"]
[Date "2006.07.09"]
[Round "2"]
[White "Short, Philip"]
[Black "Daly, Colm"]
[Result "0-1"]
[WhiteTitle "FM"]
[BlackTitle "FM"]
[WhiteElo "2284"]
[BlackElo "2357"]
[BlackICU "2336"]
[BlackClub "Castle"]
[WhiteFideId "2500086"]
[BlackFideId "2500434"]
[PlyCount "140"]
[Venue "St. Benildus College, Upper Kilmacud Rd., Co. Dublin"]
[EventDate "2006.07.08"]
[Source "ICUbase"]

{ Source: ICU games archive. } { Event information: <a
href="http://www.irlchess.com/irlch2006_allfiles/pairings_irlch2006.html">tournament
report</a>. }

1. d4 Nf6 2. Nf3 e6 3. c4 d5 4. Nc3 c6 5. e3 Nbd7 6. Bd3 dxc4 7. Bxc4 b5 8.
Be2 Bb7 9. e4 b4 10. e5 bxc3 11. exf6 cxb2 12. fxg7 bxa1=Q 13. gxh8=Q Qa5+
14. Nd2 Qf5 15. O-O Qxa2 16. Nc4 O-O-O 17. Bd3 Qd5 18. Ne3 Qd6 19. Nc4 Qc7
20. Qxh7 Nb6 21. Nxb6+ axb6 22. Qdh5 Qd5 23. Qxd5 Rxd5 24. Be3 Rd8 25. Rb1
c5 26. dxc5 Bxc5 27. Bxc5 Qxc5 28. Be4 Bxe4 29. Qxe4 Rd5 30. h4 b5 31. Qf4
Qc2 32. Rc1 Rd1+ 33. Rxd1 Qxd1+ 34. Kh2 Qa4 35. Qxf7 Qxh4+ 36. Kg1 Qc4 37.
Qg8+ Kb7 38. Qg7+ Kb6 39. Qe5 b4 40. Qb8+ Ka6 41. Qa8+ Kb5 42. Qb7+ Ka4 43.
Qa7+ Kb3 44. f3 Kc2 45. Qf2+ Kd1 46. g4 b3 47. g5 Qc2 48. Qf1+ Kd2 49. Qf2+
Kd3 50. g6 b2 51. Qf1+ Kd4 52. g7 Qg6+ 53. Kf2 Qxg7 54. Qd1+ Kc4 55. Qc2+
Kb4 56. Qe4+ Kc5 57. Qc2+ Kd6 58. Qd3+ Ke7 59. f4 Qf6 60. Kf3 Kf8 61. Ke2
Qxf4 62. Qd8+ Kf7 63. Qd7+ Kf6 64. Qd8+ Kf5 65. Qf8+ Kg4 66. Qg7+ Kh4 67.
Qh8+ Kg3 68. Qc3+ Kg2 69. Qc6+ Kh2 70. Qxe6 b1=R 0-1

[Event "Irish Championship 2006"]
[Site "Dublin IRL"]
[Date "2006.07.10"]
[Round "3"]
[White "Brady, Stephen"]
[Black "Short, Philip"]
[Result "1-0"]
[WhiteTitle "FM"]
[BlackTitle "FM"]
[WhiteElo "2339"]
[BlackElo "2284"]
[WhiteICU "2344"]
[WhiteClub "Phibsboro"]
[WhiteFideId "2500124"]
[BlackFideId "2500086"]
[PlyCount "67"]
[Venue "St. Benildus College, Upper Kilmacud Rd., Co. Dublin"]
[EventDate "2006.07.08"]
[Source "ICUbase"]

{ Source: ICU games archive. } { Event information: <a
href="http://www.irlchess.com/irlch2006_allfiles/pairings_irlch2006.html">tournament
report</a>. }

1. e4 e5 2. Nf3 Nc6 3. Bb5 a6 4. Ba4 Nf6 5. O-O Be7 6. Re1 b5 7. Bb3 d6 8.
c3 O-O 9. d4 Bg4 10. Be3 Na5 11. dxe5 Bxf3 12. Qxf3 dxe5 13. Nd2 Nxb3 14.
Nxb3 c6 15. Red1 Qc8 16. Bg5 Ra7 17. Bxf6 Bxf6 18. Qe3 Rc7 19. Nc5 h6 20.
Rd3 a5 21. Rad1 Rd8 22. Rxd8+ Bxd8 23. Qh3 Bf6 24. Nd7 Qd8 25. Rd6 Qe7 26.
Nxf6+ gxf6 27. Rd3 Kh7 28. Qf5+ Kg7 29. Qg4+ Kf8 30. Qh3 Qe6 31. Qxh6+ Ke7
32. Qe3 Qxa2 33. Qc5+ Ke8 34. Qd6 1-0

[Event "Irish Championship 2006"]
[Site "Dublin IRL"]
[Date "2006.07.10"]
[Round "3"]
[White "Daly, Colm"]
[Black "Jessel, Stephen"]
[Result "0-1"]
[WhiteTitle "FM"]
[BlackTitle "FM"]
[WhiteElo "2357"]
[BlackElo "2350"]
[WhiteICU "2336"]
[BlackICU "2223"]
[WhiteClub "Castle"]
[BlackClub "V&eacute;sinet FRA"]
[WhiteFideId "2500434"]
[BlackFideId "628859"]
[PlyCount "128"]
[Venue "St. Benildus College, Upper Kilmacud Rd., Co. Dublin"]
[EventDate "2006.07.08"]

{ Source: ICU games archive. } { Event information: <a
href="http://www.irlchess.com/irlch2006_allfiles/pairings_irlch2006.html">tournament
report</a>. }

1. d4 e6 2. c4 d5 3. Nc3 Nf6 4. Bg5 Nbd7 5. Nf3 c6 6. cxd5 exd5 7. e3 Be7
8. Qc2 O-O 9. Bd3 Re8 10. h3 Nf8 11. Bf4 Be6 12. O-O-O Qa5 13. Nd2 Rec8 14.
Kb1 N6d7 15. Rc1 Qb4 16. Nb3 a5 17. a3 Qb6 18. Na4 Qa7 19. Nbc5 h6 20. Nxd7
Nxd7 21. Bh7+ Kh8 22. Bf5 b5 23. Bxe6 fxe6 24. Nc5 Nxc5 25. dxc5 Bf6 26. g4
g5 27. Bg3 Qh7 28. e4 b4 29. a4 b3 30. Qe2 Qb7 31. exd5 exd5 32. Be5 Rf8
33. h4 Bxe5 34. Qxe5+ Qg7 35. Qe3 Qh7+ 36. Ka1 Rf4 37. Qxb3 Rb4 38. Qc2
Qxc2 39. Rxc2 Rxa4+ 40. Kb1 Kg7 41. hxg5 hxg5 42. f3 Rf8 43. Rch2 Rxf3 44.
Rh7+ Kf6 45. R7h6+ Ke5 46. Rxc6 Rxg4 47. Ra6 Rc4 48. Rxa5 g4 49. Re1+ Kf4
50. c6 d4 51. Rd5 d3 52. Rd6 g3 53. b3 d2 54. Rxd2 Rxb3+ 55. Ka2 Rb5 56.
Ka3 Rxc6 57. Ka4 Rb7 58. Ka5 Rc8 59. Ka6 Rb3 60. Ka7 Rc4 61. Ra1 Kf3 62.
Rd8 g2 63. Rf8+ Rf4 64. Re8 g1=Q+ 0-1

[Event "Irish Championship 2006"]
[Site "Dublin IRL"]
[Date "2006.07.11"]
[Round "4"]
[White "Jessel, Stephen"]
[Black "Brady, Stephen"]
[Result "1/2-1/2"]
[WhiteTitle "FM"]
[BlackTitle "FM"]
[WhiteElo "2350"]
[BlackElo "2339"]
[WhiteICU "2223"]
[BlackICU "2344"]
[WhiteClub "V&eacute;sinet FRA"]
[BlackClub "Phibsboro"]
[WhiteFideId "628859"]
[BlackFideId "2500124"]
[PlyCount "88"]
[Venue "St. Benildus College, Upper Kilmacud Rd., Co. Dublin"]
[EventDate "2006.07.08"]

{ Source: ICU games archive. } { Event information: <a
href="http://www.irlchess.com/irlch2006_allfiles/pairings_irlch2006.html">tournament
report</a>. }

1. e4 e6 2. d4 d5 3. Nc3 Nf6 4. e5 Nfd7 5. f4 c5 6. Nf3 Nc6 7. Be3 cxd4 8.
Nxd4 Bc5 9. Qd2 O-O 10. O-O-O a6 11. h4 Nxd4 12. Bxd4 b5 13. Rh3 b4 14. Na4
Bxd4 15. Qxd4 a5 16. Bb5 Rb8 17. Bd3 Qc7 18. h5 Bb7 19. Re3 Rfc8 20. Rd2
Bc6 21. Nc5 Qb6 22. Nb3 Qd8 23. Kb1 Bb5 24. f5 Bxd3 25. cxd3 a4 26. Nc1 Qg5
27. fxe6 fxe6 28. g4 Qh4 29. Ree2 b3 30. Rd1 bxa2+ 31. Nxa2 a3 32. b4 Rc7
33. Rc1 Rxc1+ 34. Nxc1 Qh1 35. Qc3 Qd1 36. Ka2 Qa4 37. Nb3 Qxb4 38. Qxb4
Rxb4 39. d4 Nb6 40. Kxa3 Rc4 41. Rf2 Na4 42. Rf1 Nc3 43. Kb2 h6 44. Ra1
Na4+ 1/2-1/2

[Event "Irish Championship 2006"]
[Site "Dublin IRL"]
[Date "2006.07.12"]
[Round "5"]
[White "Brady, Stephen"]
[Black "Daly, Colm"]
[Result "1-0"]
[WhiteTitle "FM"]
[BlackTitle "FM"]
[WhiteElo "2339"]
[BlackElo "2357"]
[WhiteICU "2344"]
[BlackICU "2336"]
[WhiteClub "Phibsboro"]
[BlackClub "Castle"]
[WhiteFideId "2500124"]
[BlackFideId "2500434"]
[PlyCount "79"]
[Venue "St. Benildus College, Upper Kilmacud Rd., Co. Dublin"]
[EventDate "2006.07.08"]

{ Source: ICU games archive. } { Event information: <a
href="http://www.irlchess.com/irlch2006_allfiles/pairings_irlch2006.html">tournament
report</a>. }

1. e4 Nf6 2. e5 Ng8 3. d4 d6 4. Nf3 dxe5 5. Nxe5 Nd7 6. Bf4 Ngf6 7. Bc4 e6
8. O-O Be7 9. Nc3 O-O 10. Nxd7 Bxd7 11. Qe2 c6 12. Ne4 Qb6 13. Nxf6+ Bxf6
14. Bd6 Rfe8 15. c3 Be7 16. Bxe7 Rxe7 17. Rad1 Rae8 18. Bb3 c5 19. dxc5
Qxc5 20. Rxd7 Rxd7 21. Ba4 Red8 22. Bxd7 Rxd7 23. Rd1 Rxd1+ 24. Qxd1 g6 25.
g3 h5 26. h4 e5 27. Qd7 b5 28. a4 bxa4 29. Qxa4 Kg7 30. Qd1 Qc4 31. Qc2 Kf6
32. b3 Qd5 33. c4 Qc5 34. Qc3 a5 35. Qf3+ Ke6 36. Qb7 f6 37. Qg7 Kf5 38.
Qd7+ Ke4 39. Qb7+ Kd4 40. Qf3 1-0

[Event "Irish Championship 2006"]
[Site "Dublin IRL"]
[Date "2006.07.12"]
[Round "5"]
[White "Cafolla, Peter"]
[Black "Jessel, Stephen"]
[Result "0-1"]
[BlackTitle "FM"]
[WhiteElo "2062"]
[BlackElo "2350"]
[WhiteICU "1966"]
[BlackICU "2223"]
[WhiteClub "Dun Laoghaire"]
[BlackClub "V&eacute;sinet FRA"]
[WhiteFideId "2500884"]
[BlackFideId "628859"]
[PlyCount "83"]
[Venue "St. Benildus College, Upper Kilmacud Rd., Co. Dublin"]
[EventDate "2006.07.08"]
[Source "ICUbase"]

{ Source: ICU games archive. } { Event information: <a
href="http://www.irlchess.com/irlch2006_allfiles/pairings_irlch2006.html">tournament
report</a>. }

1. d4 e6 2. c4 d5 3. Nc3 Nf6 4. Bg5 Nbd7 5. e3 c6 6. a3 Be7 7. Nf3 O-O 8.
Qc2 a6 9. Bd3 h6 10. Bh4 dxc4 11. Bxc4 b5 12. Ba2 Bb7 13. O-O c5 14. Rad1
Rc8 15. Ne5 Nxe5 16. Bxf6 Nf3+ 17. gxf3 Bxf6 18. dxc5 Rxc5 19. f4 Bd4 20.
Bd5 Rxd5 21. Nxd5 Qxd5 22. e4 Qc5 23. Qxc5 Bxc5 24. Rfe1 Rc8 25. Rc1 Kf8
26. Red1 Ke7 27. b4 Bb6 28. Rxc8 Bxc8 29. e5 Bb7 30. Kf1 g6 31. Ke2 Bd5 32.
h4 h5 33. f3 Kd7 34. Rc1 Bd8 35. Rh1 Kc6 36. Rc1+ Bc4+ 37. Ke3 Bxh4 38. a4
Bd8 39. Kd4 Bb6+ 40. Kc3 Be3 41. axb5+ axb5 42. f5 0-1

[Event "Irish Championship 2006"]
[Site "Dublin IRL"]
[Date "2006.07.13"]
[Round "6"]
[White "Jessel, Stephen"]
[Black "MacElligott, Gerard"]
[Result "1-0"]
[WhiteTitle "FM"]
[WhiteElo "2350"]
[BlackElo "2122"]
[WhiteICU "2223"]
[BlackICU "1903"]
[WhiteClub "V&eacute;sinet FRA"]
[BlackClub "Elm Mount"]
[WhiteFideId "628859"]
[BlackFideId "2500647"]
[PlyCount "85"]
[Venue "St. Benildus College, Upper Kilmacud Rd., Co. Dublin"]
[EventDate "2006.07.08"]
[Source "ICUbase"]

{ Source: ICU games archive. } { Event information: <a
href="http://www.irlchess.com/irlch2006_allfiles/pairings_irlch2006.html">tournament
report</a>. }

1. e4 c5 2. Nf3 Nc6 3. d4 cxd4 4. Nxd4 g6 5. c4 Bg7 6. Be3 Nf6 7. Nc3 d6 8.
Be2 O-O 9. O-O Bd7 10. Qd2 Nxd4 11. Bxd4 Bc6 12. f3 a5 13. b3 Nd7 14. Be3
Nc5 15. Rab1 Qb6 16. Rfc1 Rfc8 17. Rc2 Qb4 18. Qc1 Qb6 19. a3 Qd8 20. Qd2
h5 21. Bf1 Qf8 22. b4 axb4 23. axb4 Ne6 24. Nd5 Ra3 25. Kh1 Rca8 26. f4 Bh6
27. g3 Ra1 28. Rxa1 Rxa1 29. Rc1 Rxc1 30. Qxc1 Bg7 31. Qd1 Qe8 32. Bg2 Nf8
33. b5 Bxd5 34. Qxd5 Qc8 35. b6 Nd7 36. e5 dxe5 37. Qxb7 Qxb7 38. Bxb7 exf4
39. gxf4 e5 40. fxe5 Bf8 41. Bd5 Nxe5 42. c5 Ng4 43. Bd4 1-0

[Event "Irish Championship 2006"]
[Site "Dublin IRL"]
[Date "2006.07.14"]
[Round "7"]
[White "Delaney, Killian"]
[Black "Cafolla, Peter"]
[Result "1-0"]
[WhiteElo "2096"]
[BlackElo "2062"]
[WhiteICU "1870"]
[BlackICU "1966"]
[WhiteClub "Rathmines"]
[BlackClub "Dun Laoghaire"]
[WhiteFideId "2501570"]
[BlackFideId "2500884"]
[PlyCount "33"]
[Venue "St. Benildus College, Upper Kilmacud Rd., Co. Dublin"]
[EventDate "2006.07.08"]
[Source "ICUbase"]

{ Source: ICU games archive. } { Event information: <a
href="http://www.irlchess.com/irlch2006_allfiles/pairings_irlch2006.html">tournament
report</a>. }

1. e4 c5 2. c3 e5 3. Nf3 Nc6 4. Bc4 Qc7 5. O-O Be7 6. d4 cxd4 7. Qb3 Na5 8.
Bxf7+ Kf8 9. Qd1 Kxf7 10. cxd4 d6 11. dxe5 dxe5 12. Qd5+ Be6 13. Nxe5+ Kf6
14. Qd4 Rd8 15. Bg5+ Kxg5 16. Qe3+ Kf6 17. Qf4+ 1-0

[Event "Irish Championship 2006"]
[Site "Dublin IRL"]
[Date "2006.07.14"]
[Round "7"]
[White "Short, Philip"]
[Black "Jessel, Stephen"]
[Result "1-0"]
[WhiteTitle "FM"]
[BlackTitle "FM"]
[WhiteElo "2284"]
[BlackElo "2350"]
[BlackICU "2223"]
[BlackClub "V&eacute;sinet FRA"]
[WhiteFideId "2500086"]
[BlackFideId "628859"]
[PlyCount "125"]
[Venue "St. Benildus College, Upper Kilmacud Rd., Co. Dublin"]
[EventDate "2006.07.08"]
[Source "ICUbase"]

{ Source: ICU games archive. } { Event information: <a
href="http://www.irlchess.com/irlch2006_allfiles/pairings_irlch2006.html">tournament
report</a>. }

1. d4 d5 2. c4 e6 3. Nc3 Nf6 4. Bg5 Nbd7 5. e3 c6 6. Nf3 Qa5 7. Nd2 dxc4 8.
Bxf6 Nxf6 9. Nxc4 Qc7 10. Be2 Be7 11. O-O O-O 12. Rc1 Rd8 13. Qc2 Bd7 14.
Ne5 Be8 15. a3 Rac8 16. g3 c5 17. Nf3 c4 18. e4 b5 19. Rfd1 Qb6 20. e5 Nd5
21. Ne4 h6 22. Qd2 Bc6 23. g4 Qb7 24. Ng3 Nb6 25. Qe3 Nd5 26. Qd2 g5 27.
Nh5 Nf4 28. Nxf4 Bxf3 29. Nh5 Qe4 30. Ng3 Qxg4 31. h3 Qf4 32. Qxf4 gxf4 33.
Bxf3 fxg3 34. Rc2 Rc7 35. Kg2 gxf2 36. Rxf2 Bh4 37. Re2 a6 38. Bh5 c3 39.
Rc2 Rdc8 40. bxc3 Rxc3 41. Rxc3 Rxc3 42. Rf1 Rc7 43. Rf3 Be1 44. Kf1 Bc3
45. Rd3 Bb2 46. Ke2 Rc4 47. Rg3+ Kf8 48. Rf3 Rc7 49. Rd3 Rc2+ 50. Ke3 Bc1+
51. Ke4 Rf2 52. Rb3 Rf4+ 53. Kd3 Rh4 54. Bf3 Rxh3 55. Kc2 Bg5 56. Bb7 Rxb3
57. Kxb3 a5 58. Bc6 Be3 59. Kc3 b4+ 60. axb4 axb4+ 61. Kd3 b3 62. Kxe3 f5
63. Kd3 1-0

[Event "Irish Championship 2006"]
[Site "Dublin IRL"]
[Date "2006.07.16"]
[Round "9"]
[White "Brady, Stephen"]
[Black "Boyle, Bernard"]
[Result "1-0"]
[WhiteTitle "FM"]
[WhiteElo "2339"]
[BlackElo "1944"]
[WhiteICU "2344"]
[BlackICU "1742"]
[WhiteClub "Phibsboro"]
[BlackClub "Elm Mount"]
[WhiteFideId "2500124"]
[BlackFideId "2501830"]
[PlyCount "49"]
[Venue "St. Benildus College, Upper Kilmacud Rd., Co. Dublin"]
[EventDate "2006.07.08"]

{ Source: ICU games archive. } { Event information: <a
href="http://www.irlchess.com/irlch2006_allfiles/pairings_irlch2006.html">tournament
report</a>. }

1. e4 e6 2. d4 d5 3. Nd2 Nf6 4. e5 Ne4 5. Bd3 Nxd2 6. Bxd2 c5 7. dxc5 Nc6
8. Nf3 Bxc5 9. O-O Bd7 10. a3 Qc7 11. Re1 f6 12. c4 fxe5 13. cxd5 exd5 14.
Nxe5 Bxf2+ 15. Kxf2 O-O+ 16. Nf3 Nd4 17. Kg1 Bg4 18. Rf1 Qb6 19. Kh1 Bxf3
20. gxf3 Qxb2 21. Rb1 Qa2 22. Bc3 Nxf3 23. Rxf3 Rxf3 24. Qxf3 Qxa3 25. Bxg7
1-0